[Event "Gibtelecom Masters 8th"]
[Site "Gibraltar"]
[Date "2010.01.30"]
[Round "5.34"]
[White "Vernay, Clovis"]
[Black "Tscharotschkin, Michael"]
[Result "1-0"]
[WhiteElo "2442"]
[BlackElo "2211"]
[PlyCount "83"]
[EventDate "2010.01.26"]
[EventType "swiss"]
[EventRounds "10"]
[EventCountry "GGB"]
[SourceDate "2005.02.07"]

1. d4 d6 2. c4 e5 3. Nf3 Nc6 4. Nc3 g6 5. d5 Nce7 6. c5 Bg7 7. cxd6 Qxd6 8. e4
Bd7 9. Nd2 Nc8 10. Nb3 Nf6 11. Be3 b6 12. Nb5 Qb4+ 13. Qd2 Qxd2+ 14. Nxd2 Kd8
15. Rc1 Nd6 16. Nxd6 cxd6 17. f3 Rc8 18. Rxc8+ Bxc8 19. Bd3 Bb7 20. Ke2 Ke7 21b4 Rc8 22. a4 Rc7 23. Ra1 Bxd5 24. exd5 Nxd5 25. Ra3 Nxb4 26. a5 Nd5 27. axb6
axb6 28. Nc4 b5 29. Nb6 Nxe3 30. Kxe3 Rb7 31. Ra6 Ke6 32. Bxb5 Bh6+ 33. Kd3 Bf8
34. Bc6 Rc7 35. Ba4 Rb7 36. Ke4 f5+ 37. Kd3 g5 38. g4 fxg4 39. fxg4 Kf7 40. Bc6
Rc7 41. Nd5 Rc8 42. Ra7+ 1-0

[Event "Gibtelecom Masters 8th"]
[Site "Gibraltar"]
[Date "2010.01.30"]
[Round "5.35"]
[White "Karavade, Eesha"]
[Black "Henriksson, Johan"]
[Result "1-0"]
[WhiteElo "2405"]
[BlackElo "2204"]
[PlyCount "67"]
[EventDate "2010.01.26"]
[EventType "swiss"]
[EventRounds "10"]
[EventCountry "GGB"]
[SourceDate "2005.02.07"]

1. d4 d5 2. c4 c6 3. Nf3 Nf6 4. e3 Bf5 5. Nc3 e6 6. Nh4 Bg6 7. Qb3 Qb6 8. Nxg6
hxg6 9. Bd2 Nbd7 10. Bd3 Qxb3 11. axb3 Bb4 12. Ke2 dxc4 13. bxc4 O-O 14. f4 c5
15. Rhd1 cxd4 16. exd4 Nb6 17. Na4 Be7 18. Nxb6 axb6 19. Kf3 Rfd8 20. Bc3 Ne8
21. Be2 g5 22. fxg5 Bxg5 23. Rxa8 Rxa8 24. d5 Bf6 25. Bxf6 gxf6 26. dxe6 fxe6
27. Rd7 Rb8 28. Kf2 f5 29. Bf3 Nf6 30. Rd6 Rc8 31. Rxe6 Nd7 32. Bxb7 Rxc4 33Bd5 Rc2+ 34. Re2+ 1-0

[Event "Gibtelecom Masters 8th"]
[Site "Gibraltar"]
[Date "2010.01.30"]
[Round "5.36"]
[White "Houska, Jovanka"]
[Black "Havik, Victor"]
[Result "1-0"]
[WhiteElo "2401"]
[BlackElo "2093"]
[PlyCount "61"]
[EventDate "2010.01.26"]
[EventType "swiss"]
[EventRounds "10"]
[EventCountry "GGB"]
[SourceDate "2005.02.07"]

1. d4 Nf6 2. Nf3 e6 3. c4 c5 4. e3 b6 5. Nc3 Be7 6. Be2 d6 7. b3 O-O 8. O-Nbd7 9. Bb2 Bb7 10. d5 e5 11. Qc2 Ne8 12. e4 g6 13. a4 a5 14. Ne1 Ng7 15. Nd3
f5 16. f4 Bf6 17. Rae1 exf4 18. Nxf4 Bd4+ 19. Kh1 Qh4 20. Nb5 Bxb2 21. Qxb2 Rf6
22. Nxd6 fxe4 23. g3 Qh6 24. Nxb7 Nf5 25. Qc3 Rb8 26. Ne6 e3 27. Rf3 Rxb7 28g4 Nd4 29. g5 Nxe2 30. Qxf6 Nxf6 31. gxh6 1-0

[Event "Gibtelecom Masters 8th"]
[Site "Gibraltar"]
[Date "2010.01.30"]
[Round "5.37"]
[White "Benitah, Yohan"]
[Black "Valgmae, Toomas"]
[Result "1-0"]
[WhiteElo "2390"]
[BlackElo "2154"]
[PlyCount "83"]
[EventDate "2010.01.26"]
[EventType "swiss"]
[EventRounds "10"]
[EventCountry "GGB"]
[SourceDate "2005.02.07"]

1. d4 d5 2. c4 c6 3. Nc3 Nf6 4. e3 e6 5. Nf3 Nbd7 6. Bd3 dxc4 7. Bxc4 b5 8. Bd3
Bd6 9. Qc2 Bb7 10. O-O O-O 11. a3 a6 12. e4 e5 13. b4 a5 14. Rb1 axb4 15. axb4
Qe7 16. Ne2 Bxb4 17. dxe5 Ng4 18. Bf4 c5 19. Bxb5 Ndxe5 20. Nxe5 Nxe5 21. Ng3
g6 22. Qb2 f6 23. h3 Kg7 24. Rfd1 Rfd8 25. f3 Bc6 26. Bf1 Qe6 27. Rxd8 Rxd8 28Nh1 Qd6 29. Be3 Ra8 30. Nf2 Ra3 31. Qe2 Qe6 32. Rc1 c4 33. Qb2 Rb3 34. Qe2 Bb5
35. Ra1 Ra3 36. Rb1 Qd6 37. f4 Nd3 38. e5 fxe5 39. fxe5 Qe7 40. e6 Nxf2 41Bxf2 Kg8 42. Qe5 1-0

[Event "Gibtelecom Masters 8th"]
[Site "Gibraltar"]
[Date "2010.01.30"]
[Round "5.38"]
[White "Cafolla, Peter"]
[Black "Degtiarev, Evgeny"]
[Result "0-1"]
[WhiteElo "2042"]
[BlackElo "2374"]
[PlyCount "62"]
[EventDate "2010.01.26"]
[EventType "swiss"]
[EventRounds "10"]
[EventCountry "GGB"]
[SourceDate "2005.02.07"]

1. d4 Nf6 2. c4 b6 3. Nf3 Bb7 4. Nc3 d5 5. Bg5 e6 6. a3 Be7 7. e3 O-O 8. Be2 h6
9. Bh4 Nbd7 10. O-O g5 11. Bg3 Nh5 12. Be5 Ng7 13. h3 Nxe5 14. Nxe5 dxc4 15Bxc4 Bd6 16. g4 c5 17. f4 gxf4 18. exf4 cxd4 19. Nb5 Rc8 20. Nxd6 Qxd6 21. Qd3
f6 22. Ng6 Rf7 23. Rac1 Qc6 24. Nh4 Qh1+ 25. Kf2 Qh2+ 26. Ke1 b5 27. Qg6 Rxc4
28. Rxc4 bxc4 29. Qxh6 d3 30. Rf2 Qg1+ 31. Rf1 Qe3+ 0-1

[Event "Gibtelecom Masters 8th"]
[Site "Gibraltar"]
[Date "2010.01.30"]
[Round "5.39"]
[White "Ogada-Osir, Ibrahim Okinyi"]
[Black "Zaremba, Andrie"]
[Result "1/2-1/2"]
[WhiteElo "2104"]
[BlackElo "2360"]
[PlyCount "92"]
[EventDate "2010.01.26"]
[EventType "swiss"]
[EventRounds "10"]
[EventCountry "GGB"]
[SourceDate "2005.02.07"]

1. d4 d5 2. c4 c6 3. cxd5 cxd5 4. Nf3 Nc6 5. Nc3 Nf6 6. Bf4 e6 7. e3 Bd6 8Bxd6 Qxd6 9. Bd3 O-O 10. O-O a6 11. h3 b5 12. Rc1 Bb7 13. Bb1 Rac8 14. Qe2 g6
15. Rfd1 Rc7 16. Qd2 Rfc8 17. a3 Na5 18. Ba2 Nc4 19. Bxc4 dxc4 20. Ne5 Nd7 21f4 Qb6 22. Qc2 Kg7 23. Ne4 Bxe4 24. Qxe4 f6 25. Nxd7 Rxd7 26. Kf2 a5 27. Rd2 b4
28. Rdc2 Rdc7 29. axb4 axb4 30. g4 Qd6 31. f5 exf5 32. gxf5 c3 33. Rb1 b3 34Rxc3 Rxc3 35. bxc3 Rxc3 36. Qf4 Rc2+ 37. Kg3 Qc6 38. Qf3 Qc7+ 39. Qf4 Qc3 40Qe4 Re2 41. Kf3 Rh2 42. Qe7+ Kh6 43. Qxf6 Rxh3+ 44. Kg4 Rg3+ 45. Kxg3 Qxe3+ 46Kg2 Qe2+ 1/2-1/2

[Event "Gibtelecom Masters 8th"]
[Site "Gibraltar"]
[Date "2010.01.30"]
[Round "5.40"]
[White "Camus de Solliers, Guillau"]
[Black "Seitz, Benjamin"]
[Result "1-0"]
[WhiteElo "2356"]
[BlackElo "2017"]
[PlyCount "55"]
[EventDate "2010.01.26"]
[EventType "swiss"]
[EventRounds "10"]
[EventCountry "GGB"]
[SourceDate "2005.02.07"]

1. d4 Nf6 2. c4 e6 3. Nf3 c5 4. d5 b5 5. dxe6 fxe6 6. cxb5 d5 7. Nc3 Bb7 8. e4
d4 9. e5 Nd5 10. Nxd5 Qxd5 11. Qc2 Qe4+ 12. Qxe4 Bxe4 13. Bc4 Bxf3 14. gxf3 Nd7
15. f4 Ke7 16. Ke2 g6 17. h4 Bh6 18. h5 Raf8 19. hxg6 hxg6 20. b3 g5 21. fxg5
Bg7 22. Rxh8 Rxh8 23. f4 Rh1 24. Kf3 Bxe5 25. fxe5 Nxe5+ 26. Kg2 Rd1 27. g6
Nxc4 28. Bg5+ 1-0

[Event "Gibtelecom Masters 8th"]
[Site "Gibraltar"]
[Date "2010.01.30"]
[Round "5.41"]
[White "Carame Gonzalez, Francisco"]
[Black "Peek, Marcel"]
[Result "0-1"]
[WhiteElo "1977"]
[BlackElo "2342"]
[PlyCount "84"]
[EventDate "2010.01.26"]
[EventType "swiss"]
[EventRounds "10"]
[EventCountry "GGB"]
[SourceDate "2005.02.07"]

1. e4 c5 2. Nf3 d6 3. d4 cxd4 4. Nxd4 Nf6 5. Nc3 Nc6 6. Be2 e5 7. Nb3 Be7 8O-O O-O 9. f4 a5 10. a4 Nb4 11. Bf3 Be6 12. Be3 exf4 13. Bxf4 Nxc2 14. Qxc2
Qb6+ 15. Nd4 Qxd4+ 16. Kh1 Rac8 17. Rad1 Qb6 18. Qd2 Bb3 19. Rde1 Rfe8 20. g4
Nd7 21. Nd5 Bxd5 22. Qxd5 Ne5 23. Be2 Rf8 24. Bxe5 dxe5 25. Bc4 Qg6 26. h3 Rc5
27. Qd3 Bg5 28. b3 Bf4 29. Qd7 Qf6 30. Rf3 b6 31. Rd1 Rcc8 32. Rfd3 Bg5 33. Kg2
Rce8 34. Rd6 Qf4 35. Qf5 Qe3 36. Rd7 Bf4 37. Bxf7+ Kh8 38. R7d6 Qg3+ 39. Kf1
Qxh3+ 40. Ke2 Qe3+ 41. Kf1 Qf3+ 42. Ke1 Rxf7 0-1

[Event "Gibtelecom Masters 8th"]
[Site "Gibraltar"]
[Date "2010.01.30"]
[Round "5.42"]
[White "Dittmar, Peter"]
[Black "Frey, Matthias"]
[Result "1-0"]
[WhiteElo "2341"]
[BlackElo "1907"]
[PlyCount "29"]
[EventDate "2010.01.26"]
[EventType "swiss"]
[EventRounds "10"]
[EventCountry "GGB"]
[SourceDate "2005.02.07"]

1. c4 Nf6 2. g3 e5 3. Bg2 Bc5 4. Nc3 Nc6 5. e3 d6 6. Nge2 O-O 7. O-O Bf5 8. d4
exd4 9. exd4 Bb6 10. a3 a5 11. Bg5 Bg4 12. f3 Be6 13. c5 Ba7 14. d5 Bxc5+ 15Kh1 1-0

[Event "Gibtelecom Masters 8th"]
[Site "Gibraltar"]
[Date "2010.01.30"]
[Round "5.43"]
[White "Wantiez, Fabrice"]
[Black "Mortensen, Henrik"]
[Result "1-0"]
[WhiteElo "2315"]
[BlackElo "2015"]
[PlyCount "43"]
[EventDate "2010.01.26"]
[EventType "swiss"]
[EventRounds "10"]
[EventCountry "GGB"]
[SourceDate "2005.02.07"]

1. e4 d5 2. exd5 Qxd5 3. Nc3 Qa5 4. d4 c6 5. Nf3 Nf6 6. Bc4 Bf5 7. Bd2 e6 8Nd5 Qd8 9. Nxf6+ gxf6 10. c3 Nd7 11. Nh4 Bg6 12. Qf3 Qb6 13. O-O Be7 14. Rfe1
f5 15. Bxe6 fxe6 16. Rxe6 Qxb2 17. Rae1 Qxd2 18. Rxe7+ Kd8 19. Nxg6 hxg6 20Qg3 f4 21. Qg4 Nf6 22. Qe6 1-0

[Event "Gibtelecom Masters 8th"]
[Site "Gibraltar"]
[Date "2010.01.30"]
[Round "5.44"]
[White "Skage, Oystein Aagedal"]
[Black "Cori Tello, Deysi"]
[Result "0-1"]
[WhiteElo "1935"]
[BlackElo "2412"]
[PlyCount "60"]
[EventDate "2010.01.26"]
[EventType "swiss"]
[EventRounds "10"]
[EventCountry "GGB"]
[SourceDate "2005.02.07"]

1. e4 e6 2. d4 d5 3. Nc3 Nf6 4. e5 Nfd7 5. f4 c5 6. Nf3 Nc6 7. Be3 a6 8. Qd2 b5
9. a3 g5 10. fxg5 cxd4 11. Nxd4 Ncxe5 12. Be2 Bg7 13. Bh5 O-O 14. O-O Nc4 15Qf2 Nde5 16. Nf3 d4 17. Nxe5 Bxe5 18. Bxf7+ Kh8 19. Qf3 Nxe3 20. Qh5 Nf5 21Ne4 Ra7 22. Rxf5 exf5 23. g6 Raxf7 24. Ng5 Rg7 25. Nxh7 Kg8 26. Rf1 d3 27. cxd3
Qxd3 28. Rd1 Qe3+ 29. Kh1 Re8 30. Ng5 Bf6 0-1

[Event "Gibtelecom Masters 8th"]
[Site "Gibraltar"]
[Date "2010.01.30"]
[Round "5.45"]
[White "Nezad, Husein Aziz"]
[Black "Nilsen, Joachim Birger"]
[Result "1-0"]
[WhiteElo "2408"]
[BlackElo "2152"]
[PlyCount "75"]
[EventDate "2010.01.26"]
[EventType "swiss"]
[EventRounds "10"]
[EventCountry "GGB"]
[SourceDate "2005.02.07"]

1. e4 c5 2. Nf3 d6 3. Bc4 Nc6 4. c3 Nf6 5. d3 g6 6. h3 Bg7 7. O-O O-O 8. Bb3 e5
9. Re1 h6 10. Nbd2 d5 11. exd5 Nxd5 12. Ne4 b6 13. Bxh6 Nxc3 14. bxc3 Bxh6 15Bd5 Bb7 16. Nxe5 Nxe5 17. Bxb7 Rb8 18. Bd5 Bg7 19. Qb3 Nd7 20. Qc2 Ne5 21. Qb3
Nd7 22. a4 a6 23. Rac1 Nf6 24. Bc4 Nxe4 25. dxe4 Be5 26. Bxa6 Qf6 27. Bc4 Kg7
28. Re3 Qf4 29. g3 Qh6 30. Kg2 g5 31. Rh1 Qg6 32. Bd5 Rbc8 33. Rf3 c4 34. Qb5
Rc5 35. Qd7 Rc7 36. Qg4 f6 37. Rb1 Rb8 38. Rb5 1-0

[Event "Gibtelecom Masters 8th"]
[Site "Gibraltar"]
[Date "2010.01.30"]
[Round "5.46"]
[White "Tania, Sachdev"]
[Black "Groffen, Hans"]
[Result "1-0"]
[WhiteElo "2398"]
[BlackElo "2150"]
[PlyCount "119"]
[EventDate "2010.01.26"]
[EventType "swiss"]
[EventRounds "10"]
[EventCountry "GGB"]
[SourceDate "2005.02.07"]

1. d4 d5 2. c4 c6 3. Nf3 Nf6 4. e3 Bg4 5. Nc3 e6 6. h3 Bxf3 7. Qxf3 Nbd7 8. Bd2
Bb4 9. cxd5 cxd5 10. Bd3 O-O 11. a3 Ba5 12. Rd1 Re8 13. Bb1 e5 14. Nxd5 exd4
15. Nxf6+ Nxf6 16. O-O dxe3 17. Bxe3 Qe7 18. Bg5 h6 19. Bh4 Rad8 20. Rc1 Rd4
21. Bg3 Ne4 22. Qf5 Bb6 23. Rfe1 Qg5 24. Qxg5 hxg5 25. Re2 Nf6 26. Be5 Rdd8 27Rce1 Nd7 28. Bc3 Rxe2 29. Rxe2 Nf6 30. Bc2 Nd5 31. Be1 Nf4 32. Re7 Nd3 33. Bxd3
Rxd3 34. Kf1 Rb3 35. Bc3 Bc5 36. Rc7 Bd6 37. Rc8+ Kh7 38. Ke2 Kg6 39. Kd3 Be7
40. Kc4 Rb6 41. Bd4 Re6 42. Bxa7 Bf6 43. b3 g4 44. hxg4 Re4+ 45. Kd3 Rxg4 46g3 Rg5 47. Rc5 Rf5 48. Rxf5 Kxf5 49. a4 g6 50. b4 Ke6 51. Bd4 Bd8 52. Kc4 Bc7
53. a5 f5 54. Be3 Bd8 55. Bd2 g5 56. b5 f4 57. g4 Kd6 58. Bb4+ Ke5 59. a6 bxa6
60. bxa6 1-0

[Event "Gibtelecom Masters 8th"]
[Site "Gibraltar"]
[Date "2010.01.30"]
[Round "5.47"]
[White "Arnott, Jonathan W"]
[Black "Daoudi, Kamal"]
[Result "1-0"]
[WhiteElo "2154"]
[BlackElo "2155"]
[PlyCount "63"]
[EventDate "2010.01.26"]
[EventType "swiss"]
[EventRounds "10"]
[EventCountry "GGB"]
[SourceDate "2005.02.07"]

1. e4 e5 2. Nf3 Nc6 3. d4 exd4 4. Bc4 Nf6 5. e5 d5 6. Bb5 Ne4 7. Nxd4 Bd7 8Bxc6 bxc6 9. O-O c5 10. Ne2 c6 11. f3 Ng5 12. f4 Ne4 13. Nd2 Nxd2 14. Qxd2 c4
15. f5 g6 16. e6 Bc5+ 17. Kh1 fxe6 18. fxe6 Bxe6 19. Nd4 Bd7 20. Re1+ Be7 21Qh6 Kf7 22. Rf1+ Kg8 23. Bd2 c5 24. Qf4 Be8 25. Nc6 Qd6 26. Nxe7+ Qxe7 27. Rae1
Qg7 28. Qd6 Bf7 29. Qxc5 Qxb2 30. Rxf7 Kxf7 31. Re7+ Kf6 32. Qd6+ 1-0

[Event "Gibtelecom Masters 8th"]
[Site "Gibraltar"]
[Date "2010.01.30"]
[Round "5.48"]
[White "Dworakowska, Joanna"]
[Black "Weber, Francois"]
[Result "0-1"]
[WhiteElo "2374"]
[BlackElo "2149"]
[PlyCount "127"]
[EventDate "2010.01.26"]
[EventType "swiss"]
[EventRounds "10"]
[EventCountry "GGB"]
[SourceDate "2005.02.07"]

1. e4 e5 2. Nf3 Nc6 3. Bb5 f5 4. Nc3 fxe4 5. Nxe4 d5 6. Nxe5 dxe4 7. Nxc6 Qg5
8. Qe2 Nf6 9. f4 Qxf4 10. Ne5+ c6 11. d4 Qh4+ 12. g3 Qh3 13. Bc4 Be6 14. Bf4
Bd6 15. O-O-O b5 16. Bb3 Rc8 17. Kb1 O-O 18. Qf1 Qf5 19. Bc1 Nd5 20. Qxf5 Rxf5
21. Rhe1 Bxe5 22. Rxe4 a5 23. dxe5 a4 24. Bxd5 Bxd5 25. Ree1 Re8 26. e6 Bxe6
27. Rd6 Bxa2+ 28. Kxa2 Rxe1 29. Bf4 Rf6 30. Rd8+ Rf8 31. Rd6 Rc8 32. h4 Kf7 33b3 Re4 34. bxa4 Rxa4+ 35. Kb3 Re4 36. Kc3 h6 37. Kd3 Re6 38. Rd7+ Re7 39. Rd6
Ke8 40. Kc3 Rd7 41. Re6+ Kf7 42. Re1 Re8 43. Ra1 Re4 44. Ra8 Rd5 45. Ra7+ Kf6
46. Bc1 g5 47. h5 Kf5 48. Rf7+ Kg4 49. Rf6 Kxh5 50. Rxc6 Kg4 51. Rxh6 Kxg3 52Ba3 Re3+ 53. Kb2 Re2 54. Bd6+ Kg4 55. Kb3 Re4 56. c3 Rc4 57. Bf8 Kf5 58. Rb6
Re4 59. Bg7 g4 60. Rf6+ Kg5 61. Rf2 Rf5 62. Ra2 Kf4 63. Bf8 Kf3 64. Bd6 {
The remainder of the scoresheet is illegible} 0-1

[Event "Gibtelecom Masters 8th"]
[Site "Gibraltar"]
[Date "2010.01.30"]
[Round "5.49"]
[White "Solomon, Kenny"]
[Black "Thingstad, Even"]
[Result "1-0"]
[WhiteElo "2368"]
[BlackElo "2141"]
[PlyCount "99"]
[EventDate "2010.01.26"]
[EventType "swiss"]
[EventRounds "10"]
[EventCountry "GGB"]
[SourceDate "2005.02.07"]

1. Nf3 Nf6 2. g3 d5 3. Bg2 c6 4. O-O Bg4 5. d3 Nbd7 6. h3 Bh5 7. Qe1 e5 8. e4
Qc7 9. Nbd2 Bc5 10. exd5 Nxd5 11. a3 O-O 12. c4 N5f6 13. b4 Bd4 14. Nxd4 exd4
15. Nb3 Ne5 16. Bf4 Rfe8 17. Qd2 Qd8 18. g4 Nfxg4 19. hxg4 Bxg4 20. Bxe5 Rxe5
21. Rfe1 Rh5 22. Qf4 Bh3 23. Bxh3 Rxh3 24. Nxd4 Rxd3 25. Nf5 g6 26. Nh6+ Kg7
27. Nxf7 Qf8 28. Qe4 Rb3 29. Ng5 Qf6 30. Qh4 h5 31. Ne6+ Kf7 32. Qxf6+ Kxf6 33Nc5 Rf3 34. Nxb7 h4 35. Kg2 Rf4 36. Na5 Kg5 37. Re3 Raf8 38. Ra2 R8f6 39. f3
Rd4 40. Rae2 Kh5 41. c5 g5 42. Nb3 Rd1 43. Nd2 Rf4 44. Re5 Ra1 45. R5e3 Rd1 46Ne4 Rf8 47. Rd2 Rc1 48. Nf2 Rf6 49. Ng4 Rg6 50. Re7 1-0

[Event "Gibtelecom Masters 8th"]
[Site "Gibraltar"]
[Date "2010.01.30"]
[Round "5.50"]
[White "Calzetta Ruiz, Monica"]
[Black "Aerni, Andi"]
[Result "1-0"]
[WhiteElo "2359"]
[BlackElo "2137"]
[PlyCount "57"]
[EventDate "2010.01.26"]
[EventType "swiss"]
[EventRounds "10"]
[EventCountry "GGB"]
[SourceDate "2005.02.07"]

1. e4 d5 2. exd5 Qxd5 3. Nf3 Bg4 4. Be2 Nc6 5. h3 Bxf3 6. Bxf3 Qe5+ 7. Qe2
Qxe2+ 8. Bxe2 O-O-O 9. c3 e5 10. d3 Nge7 11. Nd2 Nd5 12. Nb3 f5 13. O-O Be7 14a4 Nf6 15. a5 a6 16. Re1 Rhe8 17. Be3 h6 18. Bc5 Rd5 19. Bxe7 Rxe7 20. Ra3 e4
21. d4 f4 22. Bc4 Rg5 23. Nc5 f3 24. g3 e3 25. Be6+ Kb8 26. Rxe3 Nd8 27. c4
Rxc5 28. dxc5 Rxe6 29. Rad3 1-0

[Event "Gibtelecom Masters 8th"]
[Site "Gibraltar"]
[Date "2010.01.30"]
[Round "5.51"]
[White "Lovik, Lasse Ostebo"]
[Black "Andersson, Lars"]
[Result "1-0"]
[WhiteElo "2343"]
[BlackElo "2132"]
[PlyCount "117"]
[EventDate "2010.01.26"]
[EventType "swiss"]
[EventRounds "10"]
[EventCountry "GGB"]
[SourceDate "2005.02.07"]

1. e4 d6 2. d4 Nf6 3. Nc3 g6 4. Be2 Bg7 5. g4 h5 6. g5 Nfd7 7. Be3 c5 8. Nf3
Nc6 9. d5 Nce5 10. Nxe5 Nxe5 11. f4 Nd7 12. Qd2 Qa5 13. O-O Qb4 14. a3 Bxc3 15axb4 Bxd2 16. Bxd2 cxb4 17. Bxb4 Nc5 18. e5 O-O 19. Bxc5 dxc5 20. Bd3 Kg7 21Be4 Bg4 22. Ra3 Rfd8 23. Rfa1 a6 24. Rb3 Rd7 25. Rb6 Rc8 26. c4 Rf8 27. Ra5 Rc8
28. Kf2 Rcc7 29. Ra3 Rd8 30. Rab3 Bd1 31. Ra3 Bg4 32. h3 Bc8 33. Rab3 Rf8 34Kg3 h4+ 35. Kg2 Rh8 36. Bf3 f5 37. gxf6+ exf6 38. d6 Rf7 39. Bd5 fxe5 40. Bxf7
Kxf7 41. fxe5 Rh5 42. Re3 Rg5+ 43. Kf3 Ke6 44. Kf4 Rg1 45. Ke4 Bd7 46. Kd3 Bc6
47. b4 g5 48. b5 axb5 49. cxb5 Bg2 50. Ke2 Rb1 51. d7+ Kxd7 52. Rg6 Rb2+ 53Ke1 Ke7 54. e6 Bd5 55. Rg7+ Ke8 56. e7 Rxb5 57. Rh7 Bc6 58. Rd3 Bd7 59. Rf3 1-0

[Event "Gibtelecom Masters 8th"]
[Site "Gibraltar"]
[Date "2010.01.30"]
[Round "5.52"]
[White "Vinas Guerrero, Carlos A"]
[Black "Reizniece, Dana"]
[Result "0-1"]
[WhiteElo "2120"]
[BlackElo "2341"]
[PlyCount "50"]
[EventDate "2010.01.26"]
[EventType "swiss"]
[EventRounds "10"]
[EventCountry "GGB"]
[SourceDate "2005.02.07"]

1. e4 c5 2. Nc3 Nc6 3. f4 g6 4. Nf3 Bg7 5. Bb5 Nd4 6. Nxd4 cxd4 7. Ne2 e6 8. c3
dxc3 9. dxc3 Ne7 10. Qd6 O-O 11. O-O f5 12. e5 g5 13. g3 Nd5 14. c4 Re8 15. Qa3
Bf8 16. Qb3 Bc5+ 17. Kg2 Nb6 18. h3 a6 19. Ba4 Qc7 20. Kh2 Nxa4 21. Qxa4 b5 22cxb5 Bb7 23. fxg5 axb5 24. Qb3 Qc6 25. Nf4 Ra4 0-1

[Event "Gibtelecom Masters 8th"]
[Site "Gibraltar"]
[Date "2010.01.30"]
[Round "5.53"]
[White "Fegan, Chris"]
[Black "Andre, Gordon"]
[Result "0-1"]
[WhiteElo "2093"]
[BlackElo "2308"]
[PlyCount "86"]
[EventDate "2010.01.26"]
[EventType "swiss"]
[EventRounds "10"]
[EventCountry "GGB"]
[SourceDate "2005.02.07"]

1. d4 g6 2. e4 Bg7 3. Nf3 d6 4. Be2 Nd7 5. O-O e5 6. Bg5 f6 7. Bh4 Ne7 8. dxe5
fxe5 9. Bc4 h6 10. Nc3 Nf6 11. h3 g5 12. Bxg5 hxg5 13. Nxg5 Rf8 14. Nh7 Ng6 15Nxf8 Kxf8 16. Qf3 Ke7 17. Qg3 Qe8 18. f4 exf4 19. Rxf4 Be6 20. Bxe6 Nxf4 21Bb3 N6h5 22. Qg5+ Bf6 23. Nd5+ Nxd5 24. Qxd5 Nf4 25. Qxb7 Qb8 26. Qxb8 Rxb8 27c3 a5 28. g3 Nxh3+ 29. Kg2 Ng5 30. Rb1 Be5 31. Bc2 Rf8 32. Rd1 Rb8 33. Rb1 c5
34. Bd3 Rf8 35. b4 Rf3 36. bxc5 Rxg3+ 37. Kf2 Rxd3 38. Rb7+ Ke6 39. Rb5 Nxe4+
40. Ke2 Nxc3+ 41. Kxd3 Nxb5 42. Kc4 Na3+ 43. Kb3 dxc5 0-1

[Event "Gibtelecom Masters 8th"]
[Site "Gibraltar"]
[Date "2010.01.30"]
[Round "5.54"]
[White "Kozlov, Oleg"]
[Black "De Andres Gonalons, Fernando"]
[Result "1-0"]
[WhiteElo "2279"]
[BlackElo "2124"]
[PlyCount "69"]
[EventDate "2010.01.26"]
[EventType "swiss"]
[EventRounds "10"]
[EventCountry "GGB"]
[SourceDate "2005.02.07"]

1. c4 e6 2. Nf3 d5 3. g3 Nf6 4. Bg2 dxc4 5. Ne5 Nbd7 6. Nxc4 c5 7. O-O Be7 8Nc3 O-O 9. d4 Nb6 10. Nxb6 axb6 11. dxc5 bxc5 12. Qb3 Qc7 13. Bf4 e5 14. Bg5
Be6 15. Qxb7 Qxb7 16. Bxb7 Rab8 17. Bxf6 gxf6 18. Bd5 Rxb2 19. a4 c4 20. Bxe6
fxe6 21. a5 Rc2 22. Na4 Ra8 23. Nb6 Ra6 24. e3 Bb4 25. Ra4 Bd2 26. Nxc4 Bc3 27Rb1 Kf7 28. Kf1 Kg6 29. Rb6 Ra8 30. a6 Rc1+ 31. Kg2 Ra7 32. Nd6 f5 33. Nb5 Ra8
34. Nxc3 Rxc3 35. Rxe6+ 1-0

[Event "Gibtelecom Masters 8th"]
[Site "Gibraltar"]
[Date "2010.01.30"]
[Round "5.55"]
[White "Meskovs, Nikita"]
[Black "Collier, David O"]
[Result "1/2-1/2"]
[WhiteElo "2264"]
[BlackElo "2118"]
[PlyCount "82"]
[EventDate "2010.01.26"]
[EventType "swiss"]
[EventRounds "10"]
[EventCountry "GGB"]
[SourceDate "2005.02.07"]

1. d4 Nf6 2. c4 e6 3. Nc3 Bb4 4. f3 d5 5. a3 Bxc3+ 6. bxc3 c5 7. cxd5 Nxd5 8dxc5 Qa5 9. e4 Nf6 10. Be3 Nfd7 11. Qd4 O-O 12. Qb4 Qc7 13. Bb5 Nc6 14. Bxc6
bxc6 15. Qa4 Rb8 16. Nh3 Rb5 17. c4 Qa5+ 18. Qxa5 Rxa5 19. Nf2 Ne5 20. Bd2 Ra4
21. Bb4 a5 22. Bc3 Nxc4 23. Nd3 f6 24. Kf2 Rxa3 25. Rxa3 Nxa3 26. Bxa5 Nb5 27e5 Rf7 28. Re1 Ra7 29. Bb6 Ra4 30. g4 Kf7 31. Kg3 Nc3 32. Nf2 f5 33. gxf5 exf5
34. Nd3 Be6 35. Nf4 Nd5 36. Nxd5 Bxd5 37. h4 Ra3 38. Rf1 Rc3 39. h5 Ke6 40. Kf4
Rc4+ 41. Kg3 Rc3 1/2-1/2

[Event "Gibtelecom Masters 8th"]
[Site "Gibraltar"]
[Date "2010.01.30"]
[Round "5.56"]
[White "Lumsdon, Andrew"]
[Black "Avalos Parra, Joao"]
[Result "0-1"]
[WhiteElo "2090"]
[BlackElo "2245"]
[PlyCount "62"]
[EventDate "2010.01.26"]
[EventType "swiss"]
[EventRounds "10"]
[EventCountry "GGB"]
[SourceDate "2005.02.07"]

1. d4 c5 2. dxc5 Nf6 3. Nf3 g6 4. b4 a5 5. c3 Bg7 6. Bb2 b6 7. b5 bxc5 8. c4
Bb7 9. Nbd2 O-O 10. Qc2 d5 11. e3 Nbd7 12. Be2 e5 13. cxd5 Nxd5 14. a3 Re8 15Nc4 Qe7 16. e4 Nf4 17. O-O f5 18. exf5 e4 19. Ne1 gxf5 20. Ne3 Bxb2 21. Bc4+
Kh8 22. Qxb2+ Qe5 23. Qxe5+ Nxe5 24. Rc1 Nfd3 25. Rc3 f4 26. Nd5 Nxc4 27. Nc7
Nd2 28. Nxe8 Rxe8 29. Nxd3 exd3 30. Rd1 c4 31. h3 Re2 0-1

[Event "Gibtelecom Masters 8th"]
[Site "Gibraltar"]
[Date "2010.01.30"]
[Round "5.57"]
[White "Hartvig, Ove Weiss"]
[Black "Flermoen, Peter"]
[Result "1-0"]
[WhiteElo "2245"]
[BlackElo "2108"]
[PlyCount "61"]
[EventDate "2010.01.26"]
[EventType "swiss"]
[EventRounds "10"]
[EventCountry "GGB"]
[SourceDate "2005.02.07"]

1. e4 c5 2. Nf3 Nc6 3. d4 cxd4 4. Nxd4 g6 5. Nc3 Bg7 6. Be3 Nf6 7. Bc4 d6 8. f3
Qb6 9. Ncb5 Nxd4 10. Bxd4 Qc6 11. Qd3 a6 12. Nc3 O-O 13. O-O-O Be6 14. Bxe6
fxe6 15. h4 b5 16. Ne2 Rad8 17. g4 d5 18. e5 Nd7 19. Qe3 Rc8 20. Rd2 Qc7 21. f4
Nc5 22. Ng3 b4 23. Kb1 Qa5 24. b3 Rc6 25. h5 Qb5 26. hxg6 hxg6 27. Rdh2 Rf7 28f5 exf5 29. gxf5 gxf5 30. Qg5 Rf8 31. e6 1-0

[Event "Gibtelecom Masters 8th"]
[Site "Gibraltar"]
[Date "2010.01.30"]
[Round "5.58"]
[White "Overeem, Marc"]
[Black "Demac, Elias"]
[Result "0-1"]
[WhiteElo "2245"]
[BlackElo "2104"]
[PlyCount "98"]
[EventDate "2010.01.26"]
[EventType "swiss"]
[EventRounds "10"]
[EventCountry "GGB"]
[SourceDate "2005.02.07"]

1. c4 b6 2. d4 Nf6 3. Nc3 Bb7 4. d5 e5 5. a3 a5 6. Nf3 d6 7. e4 g6 8. Be2 Bg7
9. O-O O-O 10. Bg5 h6 11. Bh4 Na6 12. Nd2 Qe8 13. Rb1 Nh7 14. b4 axb4 15. axb4
h5 16. f3 Bc8 17. Qc2 Bh6 18. Bf2 Qe7 19. Rfe1 h4 20. Bd3 h3 21. g3 f5 22. f4
Qf6 23. exf5 gxf5 24. fxe5 dxe5 25. c5 Bxd2 26. Qxd2 Ng5 27. Be2 f4 28. gxf4
exf4 29. Bd4 Qg6 30. Kh1 Bf5 31. Bc4 Ne4 32. Qe2 Rae8 33. Rg1 Ng3+ 34. hxg3
Rxe2 35. Bxe2 Be4+ 36. Kh2 f3 37. Bxa6 f2 38. Rgf1 Bxb1 39. d6 Bd3 40. Nd5 Bxf1
41. Ne7+ Kf7 42. Bxf1 Qe6 43. Nc6 bxc5 44. Ne5+ Kg8 45. bxc5 cxd6 46. cxd6 Qxd6
47. Bc4+ Kh7 48. Bd3+ Kh6 49. Ng4+ Kg5 0-1